000 00498nam a22001932 4500
001 0000001423
005 20170406113426.0
008 140110s xx 000 0 eng d
020 _c$
040 _aYour Holding Symbol
_cYour Holding Symbol
100 1 _aInnes,Hammond.
245 1 0 _aScandinavia.
250 _a ed.
260 _anew york :
_bTime incorporated,
_c1963.
300 _a160 p. :
_bill ;
_c cm.
504 _aindex.
650 0 _aworld library.
908 _a140110
999 _c1336
_d1336